| 000 | 00726nam a2200193 i 4500 | ||
|---|---|---|---|
| 001 | 81306 | ||
| 003 | ES-MaACL | ||
| 005 | 20230906174419.0 | ||
| 007 | t| | ||
| 008 | 041104q19001999sp ||||1| spa d | ||
| 100 | 1 |
_aHoyos Sáinz, Luis de, _d1868-1951 _964437 |
|
| 245 | 1 | 3 |
_aEl nudo cántabro ibérico y el Pico de Tres Mares (Santader) _b: nota preliminar / _cde Luis de Hoyos Sáinz. |
| 260 |
_aMadrid : _b[s.n., _c19--?] ( _fHuelves y Cía.) |
||
| 300 |
_ap. 153-159 ; _c24 cm. |
||
| 500 | _aPrecede al tít.: Asociación Española para el progreso de las Ciencias. | ||
| 710 | 2 |
_aAsociación Española para el Progreso de las Ciencias. _91705 |
|
| 852 |
_aES-MaACL _j1840-F-14 _bR.19973 |
||
| 999 |
_c81306 _d81306 |
||